Investment leadership and portfolio management the path to successful stewardship for investment firms /

Bibliographic Details
Main Author: Singer, Brian D.
Corporate Author: ProQuest (Firm)
Other Authors: Fedorinchik, Greg, 1970-, Mandinach, Barry, 1956-
Format: Electronic eBook
Language:English
Published: Hoboken, NJ : Wiley, 2010.
Series:Wiley finance series.
Subjects:
Online Access:Click to View
LEADER 01446nam a2200385Ia 4500
001 EBC468886
003 MiAaPQ
005 20200520144314.0
006 m o d |
007 cr cn|||||||||
008 090521s2010 nju sb 001 0 eng d
010 |z  2009020140 
020 |z 9780470435403 (cloth) 
035 |a (MiAaPQ)EBC468886 
035 |a (Au-PeEL)EBL468886 
035 |a (CaPaEBR)ebr10351924 
035 |a (CaONFJC)MIL230676 
035 |a (OCoLC)476878796 
040 |a MiAaPQ  |c MiAaPQ  |d MiAaPQ 
050 4 |a HG4529.5  |b .S556 2010 
100 1 |a Singer, Brian D. 
245 1 0 |a Investment leadership and portfolio management  |h [electronic resource] :  |b the path to successful stewardship for investment firms /  |c Brian Singer, Greg Fedorinchik, Barry Mandinach. 
260 |a Hoboken, NJ :  |b Wiley,  |c 2010. 
300 |a xiv, 210 p. 
490 1 |a Wiley finance series 
504 |a Includes bibliographical references and index. 
533 |a Electronic reproduction. Ann Arbor, MI : ProQuest, 2015. Available via World Wide Web. Access may be limited to ProQuest affiliated libraries. 
650 0 |a Portfolio management. 
650 0 |a Investments. 
655 4 |a Electronic books. 
700 1 |a Fedorinchik, Greg,  |d 1970- 
700 1 |a Mandinach, Barry,  |d 1956- 
710 2 |a ProQuest (Firm) 
830 0 |a Wiley finance series. 
856 4 0 |u https://ebookcentral.proquest.com/lib/matrademy/detail.action?docID=468886  |z Click to View